NLSUI OPAC header image

Books for peoples court III: A perverse and deviant (Record no. 34750)

MARC details
000 -LEADER
fixed length control field 00442nam a2200157Ia 4500
008 - FIXED-LENGTH DATA ELEMENTS--GENERAL INFORMATION
fixed length control field 160316s2003 xxu||||| |||| 00| 0 eng d
082 ## - DEWEY DECIMAL CLASSIFICATION NUMBER
Classification number 340.100000
Item number VEN
100 ## - MAIN ENTRY--PERSONAL NAME
Personal name Venkataraman S.
245 ## - TITLE STATEMENT
Title Books for peoples court III: A perverse and deviant
250 ## - EDITION STATEMENT
Edition statement
260 ## - PUBLICATION, DISTRIBUTION, ETC.
Place of publication, distribution, etc. Bangalore
Name of publisher, distributor, etc. Mannargudi Lakshmiammal Trust
Date of publication, distribution, etc. 2003
300 ## - PHYSICAL DESCRIPTION
Extent 59
Other physical details
Dimensions
365 ## - TRADE PRICE
Price amount
650 ## - SUBJECT ADDED ENTRY--TOPICAL TERM
Topical term or geographic name entry element 1. peoples court<br/>2. legality<br/>3. criminal law
700 ## - ADDED ENTRY--PERSONAL NAME
Personal name
--
Holdings
Withdrawn status Lost status Damaged status Not for loan Home library Current library Shelving location Date acquired Total Checkouts Full call number Barcode Date last seen Price effective from Koha item type
        . .   30.05.2017   340.1 VEN REP11285 30.05.2017 30.05.2017 Repository